<?xml version="1.0" encoding="UTF-8"?>
<collection xmlns="http://www.loc.gov/MARC21/slim">
 <record>
  <leader>00472nab a2200181 i 4500</leader>
  <controlfield tag="001">bibPRO00007357</controlfield>
  <controlfield tag="008">060524s1998    xx                  hun  </controlfield>
  <datafield tag="040" ind1=" " ind2=" ">
   <subfield code="a">Sz1</subfield>
  </datafield>
  <datafield tag="041" ind1=" " ind2=" ">
   <subfield code="a">hun</subfield>
  </datafield>
  <datafield tag="100" ind1="1" ind2=" ">
   <subfield code="a">KÁNTOR Lajos</subfield>
  </datafield>
  <datafield tag="245" ind1="1" ind2="0">
   <subfield code="a">Radikális szóözön</subfield>
   <subfield code="c">KÁNTOR Lajos</subfield>
  </datafield>
  <datafield tag="695" ind1=" " ind2=" ">
   <subfield code="a">politikai publicisztika</subfield>
  </datafield>
  <datafield tag="695" ind1=" " ind2=" ">
   <subfield code="a">román társadalom</subfield>
  </datafield>
  <datafield tag="695" ind1=" " ind2=" ">
   <subfield code="a">Románia</subfield>
  </datafield>
  <datafield tag="695" ind1=" " ind2=" ">
   <subfield code="a">TANASE Stelian</subfield>
  </datafield>
  <datafield tag="695" ind1=" " ind2=" ">
   <subfield code="a">PATAPIEVICI Horia-Roman</subfield>
  </datafield>
  <datafield tag="695" ind1=" " ind2=" ">
   <subfield code="a">ORNEA Z.ł</subfield>
  </datafield>
  <datafield tag="773" ind1="0" ind2=" ">
   <subfield code="t">A Hét. -</subfield>
   <subfield code="g">6 sz., 1998, 1 p.</subfield>
  </datafield>
 </record>
</collection>
